00795nam a2200181Ia 450000500170000000800410001702000180005808200200007610000270009624500360012326000270015930000120018665000150019894200070021399900190022095201850023995201890042420250402090418.0231217s9999 xx 000 0 und d a9788131404850 a658.4 JAI;1 R aJain, Ravi Kumar B ed. 0aIT governance : an introduction c2006bIcfaiaHyderabad axi, 298 agovernance cAA c189894d189894 r2024-01-26 00:00:00l0o658.4 JAI;1 Rp66815W0v38.00w2024-01-26yAAz668151040708CL00K1993L28/10/2014aMLbMLcCLd2010-11-02eICFAI Pressg38.00EMBAGRSF1V0URupees r2024-01-26 00:00:00l0o658.4 JAI;2 R1p66816W0v38.00w2024-01-26yAAz668151040708FBA00K1993L28/10/2014aMLbMLcFBLAd2010-11-02eICFAI Pressg38.00EMBAGRSF1V0URupees